Albo d'oro Europei di Calcio - Statistics

Statistiche generali
  • Questo quiz è stato fatto 1.035 volte
    644 dall'ultimo reset
  • Il punteggio medio è 16 su 17
Statistiche sulle risposte
Anno Vincitore % Corretto
1968 Italia
100%
2020 Italia
100%
1964 Spagna
100%
2008 Spagna
100%
2012 Spagna
100%
2024 Spagna
100%
1984 Francia
99%
2000 Francia
99%
1996 Germania
99%
1972 Germania Ovest
99%
1980 Germania Ovest
99%
2016 Portogallo
99%
2004 Grecia
95%
1988 Paesi Bassi
89%
1992 Danimarca
86%
1960 Unione Sovietica
86%
1976 Cecoslovacchia
70%
Nessun quiz corrispondente trovato
Distribuzione punteggi
Percentuale di utenti per punteggio
Percentile per numero di risposta
I tuoi punteggi nel tempo
Non hai fatto questo quiz dall'ultimo reset